000
00293nam a22001217a 4500
008
160521b xxu||||| |||| 00| 0 eng d
020
_a
9781111068110
020
_a
1111068110
041
_a
eng
080
_a
579
245
_a
Topics in biology:
_c
Starr ;Taggart; Evers; Starr;
942
_2
udc
_c
BK
999
_c
2356
_d
2356